| 000 | 01402cam a2200421 a 4500 | ||
|---|---|---|---|
| 001 | 6323318 | ||
| 003 | OSt | ||
| 005 | 20211217111734.0 | ||
| 006 | m o d | ||
| 007 | cr zn| | ||
| 008 | 070328s2006 enka sb 001 0 eng d | ||
| 020 | _z1905209541 | ||
| 035 | _a(CtWfDGI)bke00013832 | ||
| 035 | _a(NNC)6323318 | ||
| 038 | _aKhadija | ||
| 040 |
_aCtWfDGI _beng _cCtWfDGI |
||
| 050 | 1 | 4 |
_aTA492.W4 _bL38 2006eb |
| 082 | 0 | 4 |
_a671.52042 _222 _bLAS |
| 100 | 1 |
_aLassen, Tom. _986801 |
|
| 245 | 1 | 0 |
_aFatigue Life Analyses of Welded Structures / _cTom Lassen, Naman Récho. |
| 256 | _aComputer document. | ||
| 260 |
_aLondon ; _aNewport Beach, Calif. : _bISTE, _c2006 _e(Norwood, Mass. : _fBooks24x7.com [generator]) |
||
| 500 | _aTitle from title screen. | ||
| 504 | _aIncludes bibliographical references and index. | ||
| 516 | _aText. | ||
| 530 | _aAvailable also in a print ed. | ||
| 538 | _aMode of access: Internet via World Wide Web. | ||
| 550 | _aDigitized and made available by: Books24x7.com. | ||
| 563 | _aHB | ||
| 650 | 0 |
_aWelded joints _xFatigue. _986802 |
|
| 650 | 0 |
_aWelded steel structures. _986803 |
|
| 655 | 7 |
_aElectronic books. _2lcsh _986804 |
|
| 700 | 1 |
_aRecho, Naman. _4aut _986805 |
|
| 710 | 2 |
_aBooks24x7, Inc. _986806 |
|
| 856 | 4 | 0 |
_uhttp://www.columbia.edu/cgi-bin/cul/resolve?clio6323318 _zClick here for full text. |
| 942 |
_2ddc _cBK |
||
| 999 |
_c32232 _d32232 |
||